000 00288nam a22001337a 4500
008 180927b xxu||||| |||| 00| 0 eng d
020 _a0030627621
041 _aeng
080 _a370
100 _a37
101 _aEDU
245 _aThe Holt Handbook
_cMandell.K
942 _2udc
_cBK
999 _c48555
_d48555